[Event "Heusenstamm Schloss op"]
[Site "Heusenstamm"]
[Date "2022.11.20"]
[Round "6"]
[White "Sarbu, Marc Constantin"]
[Black "Nahler, Michael"]
[Result "0-1"]
[WhiteElo "1557"]
[BlackElo "1825"]
[PlyCount "78"]
[EventDate "2022.11.17"]
[EventType "swiss"]
[EventRounds "7"]
[EventCountry "GER"]
[SourceTitle "CBM 212 Extra"]
[Source "ChessBase"]
[SourceDate "2023.03.31"]
[SourceVersion "1"]
[SourceVersionDate "2023.03.31"]
[SourceQuality "1"]

1. e4 e5 2. Nf3 Nf6 3. Nc3 Bb4 4. Nd5 Nxd5 5. exd5 d6 6. c3 Bc5 7. Bb5+ c6 8. Ba4 0-0 9. dxc6 Nxc6 10. 0-0 e4 11. Ne1 Qh4 12. d4 exd3 13. Bxc6 bxc6 14. Qxd3 a5 15. Nf3 Qh5 16. Be3 Ba6 17. c4 Bxe3 18. fxe3 Qc5 19. b3 Rad8 20. Rac1 Rfe8 21. Nd4 Re5 22. Rf3 Rde8 23. Kf2 d5 24. Qc3 dxc4 25. bxc4 Bb7 26. Rb1 Ba6 27. Rc1 Rb8 28. Nxc6 Rxe3 29. Rxe3 Qxc6 30. Qe5 Rd8 31. Qe4 Qf6+ 32. Kg1 h6 33. Qe7 Qd4 34. c5 Bb5 35. Qe4 Qd2 36. Rce1 Re8 37. Qf3 Qxe1+ 38. Rxe1 Rxe1+ 39. Kf2 Rf1+ 0-1

[Event "Rhein Main op-B 24th"]
[Site "Bad Homburg"]
[Date "2022.06.16"]
[Round "2"]
[White "Dubinker, Philipp"]
[Black "Nahler, Michael"]
[Result "1/2-1/2"]
[WhiteElo "1572"]
[BlackElo "1831"]
[PlyCount "54"]
[EventDate "2022.06.15"]
[EventType "swiss"]
[EventRounds "7"]
[EventCountry "GER"]
[SourceTitle "EXT 2023"]
[Source "ChessBase"]
[SourceDate "2022.10.05"]
[SourceVersion "1"]
[SourceVersionDate "2022.10.05"]
[SourceQuality "1"]

1. e4 e5 2. Nf3 Nf6 3. Nxe5 d6 4. Nf3 Nxe4 5. d4 d5 6. Bd3 Nc6 7. c4 Be7 8. 0-0 0-0 9. Nc3 Nf6 10. Bf4 Bg4 11. cxd5 Nxd5 12. Be3 Bf6 13. h3 Be6 14. a3 Nce7 15. Qc2 g6 16. Rad1 c6 17. Ne4 Bg7 18. Nc5 Bc8 19. b4 Re8 20. Rfe1 b6 21. Nb3 Qd6 22. Rc1 Bb7 23. Nbd2 Rad8 24. Nc4 Qb8 25. Ncd2 Nxe3 26. Rxe3 Nd5 27. Nf1 Re7 1/2-1/2

[Event "Rhein Main op 13th"]
[Site "Bad Homburg"]
[Date "2010.06.05"]
[Round "6"]
[White "Nahler, Michael"]
[Black "Ahrends, Norbert"]
[Result "1-0"]
[WhiteElo "1846"]
[BlackElo "2027"]
[PlyCount "45"]
[EventDate "2010.06.02"]
[EventType "swiss"]
[EventRounds "7"]
[EventCountry "GER"]
[SourceTitle "EXT 2011"]
[Source "ChessBase"]
[SourceDate "2010.11.26"]
[SourceVersion "1"]
[SourceVersionDate "2010.11.26"]
[SourceQuality "1"]

1. e4 c6 2. d4 d5 3. Nc3 dxe4 4. Nxe4 Nd7 5. Bc4 Ngf6 6. Ng5 e6 7. Qe2 Nd5 8. Bd2 Bd6 9. N1f3 h6 10. Ne4 Be7 11. Bb3 N7f6 12. 0-0 Nxe4 13. Qxe4 Nf6 14. Qe2 0-0 15. Bf4 b6 16. Rad1 Re8 17. Ne5 Bb7 18. Rfe1 Nd5 19. Qh5 Rf8 20. Bc1 Nf6 21. Qh3 Nd7 22. Nxf7 Rxf7 23. Qxe6 1-0

[Event "Rhein Main op 13th"]
[Site "Bad Homburg"]
[Date "2010.06.02"]
[Round "1"]
[White "Seifert, Christopher"]
[Black "Nahler, Michael"]
[Result "1-0"]
[WhiteElo "2176"]
[BlackElo "1846"]
[PlyCount "85"]
[EventDate "2010.06.02"]
[EventType "swiss"]
[EventRounds "7"]
[EventCountry "GER"]
[SourceTitle "EXT 2011"]
[Source "ChessBase"]
[SourceDate "2010.11.26"]
[SourceVersion "1"]
[SourceVersionDate "2010.11.26"]
[SourceQuality "1"]

1. c4 e5 2. Nc3 Nf6 3. g3 Bb4 4. Bg2 0-0 5. Nd5 Nxd5 6. cxd5 c6 7. Qb3 Bc5 8. e3 cxd5 9. Bxd5 Nc6 10. Ne2 d6 11. 0-0 Qe7 12. d3 Be6 13. Nc3 Rab8 14. Bd2 a6 15. Ne4 Ba7 16. Rac1 Kh8 17. Rc2 Bxd5 18. Qxd5 f5 19. Qxd6 fxe4 20. Rxc6 Qe8 21. Rc7 Rd8 22. Qe7 Qxe7 23. Rxe7 Bb8 24. Bc3 Rxd3 25. Rxb7 h6 26. Rb4 Kh7 27. Rxe4 Re8 28. Kg2 g5 29. Kf3 Kg6 30. Ke2 Red8 31. Ra4 R3d6 32. h4 Kf5 33. hxg5 Kxg5 34. Rh1 Re6 35. Rah4 Rh8 36. Rd1 Rh7 37. Rd5 Kg6 38. Rg4+ Kf5 39. Rg8 Bc7 40. Rf8+ Kg6 41. f4 exf4 42. gxf4 Bd6 43. f5+ 1-0

[Event "Rhein Main op 11th"]
[Site "Bad Homburg"]
[Date "2008.05.24"]
[Round "5"]
[White "Fernandez Egea, Andres"]
[Black "Nahler, Michael"]
[Result "1-0"]
[WhiteElo "2051"]
[BlackElo "1847"]
[PlyCount "39"]
[EventDate "2008.05.21"]
[EventType "swiss"]
[EventRounds "7"]
[EventCountry "GER"]
[SourceTitle "CBM 124 Extra"]
[Source "ChessBase"]
[SourceDate "2008.07.03"]
[SourceVersion "1"]
[SourceVersionDate "2008.07.03"]
[SourceQuality "1"]

1. e4 c5 2. Nf3 e6 3. d4 cxd4 4. Nxd4 Nf6 5. Bd3 Nc6 6. Be3 Be7 7. 0-0 d6 8. Nc3 a6 9. a3 0-0 10. Qe2 Qc7 11. f4 Nxd4 12. Bxd4 e5 13. Be3 exf4 14. Rxf4 Be6 15. Raf1 d5 16. exd5 Nxd5 17. Nxd5 Bxd5 18. Qh5 f5 19. Rxf5 Rxf5 20. Qxf5 1-0

[Event "Rhein Main op 11th"]
[Site "Bad Homburg"]
[Date "2008.05.24"]
[Round "6"]
[White "Nahler, Michael"]
[Black "Schroeder, Juergen"]
[Result "0-1"]
[WhiteElo "1847"]
[BlackElo "2075"]
[PlyCount "52"]
[EventDate "2008.05.21"]
[EventType "swiss"]
[EventRounds "7"]
[EventCountry "GER"]
[SourceTitle "CBM 124 Extra"]
[Source "ChessBase"]
[SourceDate "2008.07.03"]
[SourceVersion "1"]
[SourceVersionDate "2008.07.03"]
[SourceQuality "1"]

1. e4 a6 2. d4 c5 3. d5 d6 4. c4 g6 5. f4 Bg7 6. Nf3 Nd7 7. Bd3 Ngf6 8. 0-0 0-0 9. Nc3 b5 10. cxb5 Nb6 11. Qe2 Qc7 12. Nd2 Bg4 13. Nf3 c4 14. Bc2 axb5 15. Be3 Bd7 16. a3 Na4 17. Nd1 Ng4 18. Bd4 Bxd4+ 19. Nxd4 Qc5 20. Qd2 Nxb2 21. Nxb2 c3 22. Qd3 cxb2 23. Ra2 e5 24. dxe6 Bxe6 25. Rxb2 Bc4 26. Qd1 Ne3 0-1

[Event "Rhein Main op 10th"]
[Site "Bad Homburg"]
[Date "2007.06.09"]
[Round "6"]
[White "Nahler, Michael"]
[Black "Scheeff, Volker"]
[Result "0-1"]
[WhiteElo "1843"]
[BlackElo "2165"]
[PlyCount "78"]
[EventDate "2007.06.06"]
[EventType "swiss"]
[EventRounds "7"]
[EventCountry "GER"]
[SourceTitle "EXT 2008"]
[Source "ChessBase"]
[SourceDate "2007.11.25"]
[SourceVersion "1"]
[SourceVersionDate "2007.11.25"]
[SourceQuality "1"]

1. e4 d5 2. exd5 Nf6 3. d4 Bg4 4. Be2 Bxe2 5. Nxe2 Qxd5 6. 0-0 Nc6 7. Be3 0-0-0 8. Nd2 Qh5 9. c4 Ng4 10. Nf3 e5 11. Ng3 Nxe3 12. fxe3 Qg4 13. Qa4 exd4 14. exd4 Kb8 15. Kh1 Bd6 16. d5 Ne5 17. Nxe5 Bxe5 18. Qb3 Rd6 19. Qf3 Qh4 20. Rae1 Rh6 21. h3 Bxg3 22. Re4 Rf6 23. Rxh4 Rxf3 24. Rxf3 Bxh4 25. Rxf7 Bf6 26. b4 b5 27. c5 Rd8 28. d6 cxd6 29. c6 Rc8 30. Rb7+ Ka8 31. Rxb5 Rxc6 32. Rd5 Kb7 33. a4 a6 34. b5 axb5 35. Rxb5+ Ka6 36. g4 h6 37. Rd5 Be5 38. Kg2 Rc4 39. a5 Rd4 0-1

[Event "Rhein Main op 10th"]
[Site "Bad Homburg"]
[Date "2007.06.08"]
[Round "4"]
[White "Nahler, Michael"]
[Black "Mueller, Klaus2222"]
[Result "1-0"]
[WhiteElo "1843"]
[BlackElo "1482"]
[PlyCount "87"]
[EventDate "2007.06.06"]
[EventType "swiss"]
[EventRounds "7"]
[EventCountry "GER"]
[SourceTitle "EXT 2008"]
[Source "ChessBase"]
[SourceDate "2007.11.25"]
[SourceVersion "1"]
[SourceVersionDate "2007.11.25"]
[SourceQuality "1"]

1. e4 d5 2. exd5 Qxd5 3. Nc3 Qd6 4. d4 Nf6 5. Nf3 c6 6. Bc4 Bg4 7. Be3 g6 8. h3 Be6 9. Bxe6 Qxe6 10. Qd2 Bh6 11. 0-0 Bxe3 12. Qxe3 Qxe3 13. fxe3 Nd5 14. Nxd5 cxd5 15. c4 dxc4 16. Ne5 0-0 17. Nxc4 b6 18. Rac1 Nd7 19. Nd2 Rac8 20. Ne4 Rfd8 21. Ng5 Nf6 22. g4 h6 23. Nf3 Nd5 24. Kf2 f6 25. h4 Nb4 26. Rc3 Nxa2 27. Ra3 Rc2+ 28. Kg3 Rxb2 29. Rxa7 Re8 30. g5 Nb4 31. Rc1 Rc2 32. Rb1 Nd5 33. e4 Ne3 34. Rxb6 Nf1+ 35. Kh3 hxg5 36. hxg5 Rc3 37. Kg2 Ne3+ 38. Kg3 Nf1+ 39. Kf2 fxg5 40. Rxg6+ Kh8 41. Rxg5 Ne3 42. Ra1 Rc2+ 43. Kxe3 Rc3+ 44. Kd2 1-0

[Event "Unterfranken-ch M2 58th"]
[Site "Wuerzburg"]
[Date "2007.??.??"]
[Round "9"]
[White "Nahler, Michael"]
[Black "Seubert, Karl"]
[Result "1/2-1/2"]
[WhiteElo "1717"]
[BlackElo "1842"]
[PlyCount "65"]
[EventDate "2007.04.09"]
[EventType "swiss"]
[EventRounds "9"]
[EventCountry "GER"]
[SourceTitle "EXT 2015"]
[Source "ChessBase"]
[SourceDate "2014.11.20"]
[SourceVersion "1"]
[SourceVersionDate "2014.11.20"]
[SourceQuality "1"]

1. e4 c5 2. Nf3 d6 3. d4 cxd4 4. Nxd4 Nf6 5. Nc3 a6 6. Bg5 e5 7. Bxf6 Qxf6 8. Nd5 Qd8 9. Nf3 Nc6 10. Be2 Be6 11. 0-0 Ne7 12. Bc4 Qa5 13. b4 Qd8 14. Rc1 Rc8 15. Bb3 Nxd5 16. Bxd5 Bxd5 17. Qxd5 Qc7 18. c4 Qc6 19. Rfd1 Qxd5 20. Rxd5 f6 21. a4 Be7 22. Nd2 Kf7 23. Nf1 Rc7 24. Ne3 Rhc8 25. Kf1 g6 26. Ra5 Bd8 27. Rd5 Ke6 28. g4 Be7 29. Ke2 Bf8 30. Rd3 Rc6 31. Rdc3 Bh6 32. R1c2 Bxe3 33. Kxe3 1/2-1/2

[Event "Unterfranken-ch M2 58th"]
[Site "Wuerzburg"]
[Date "2007.??.??"]
[Round "2"]
[White "Werner, Stefan1111"]
[Black "Nahler, Michael"]
[Result "1/2-1/2"]
[WhiteElo "1606"]
[BlackElo "1717"]
[PlyCount "34"]
[EventDate "2007.04.09"]
[EventType "swiss"]
[EventRounds "9"]
[EventCountry "GER"]
[SourceTitle "EXT 2015"]
[Source "ChessBase"]
[SourceDate "2014.11.20"]
[SourceVersion "1"]
[SourceVersionDate "2014.11.20"]
[SourceQuality "1"]

1. d4 d5 2. c4 e6 3. Nc3 Nf6 4. Nf3 Be7 5. Bf4 0-0 6. Rc1 c5 7. cxd5 cxd4 8. Nxd4 Nxd5 9. Nxd5 Qxd5 10. Nb3 Qxd1+ 11. Rxd1 Nc6 12. a3 e5 13. Bg3 Bf5 14. Rc1 Rac8 15. e3 Rfd8 16. Be2 b6 17. 0-0 Bf6 1/2-1/2

[Event "Rhein Main op 09th"]
[Site "Bad Homburg"]
[Date "2006.06.18"]
[Round "6.35"]
[White "Nahler, Michael"]
[Black "Schutzmann, Henry"]
[Result "1-0"]
[WhiteElo "1842"]
[BlackElo "1550"]
[PlyCount "85"]
[EventDate "2006.06.14"]
[EventType "swiss"]
[EventRounds "7"]
[EventCountry "GER"]
[SourceTitle "EXT 2007"]
[Source "ChessBase"]
[SourceDate "2006.11.23"]
[SourceVersion "1"]
[SourceVersionDate "2006.11.23"]
[SourceQuality "1"]

1. e4 c5 2. Nf3 d6 3. d4 cxd4 4. Nxd4 Nf6 5. Nc3 a6 6. Bg5 Nbd7 7. Bd3 g6 8. Qd2 h6 9. Be3 e5 10. Nde2 Ng4 11. Nd5 Nxe3 12. Qxe3 Bg7 13. 0-0 0-0 14. Rad1 Nf6 15. Bc4 Nxd5 16. Bxd5 Qc7 17. Nc3 Be6 18. Rd2 Qc5 19. Qd3 Qd4 20. Qe2 Bg4 21. Qd3 Qxd3 22. Rxd3 Rab8 23. f3 Bd7 24. Bb3 Rbd8 25. Rxd6 Bc6 26. Rfd1 Rxd6 27. Rxd6 Kh7 28. Bd5 Bxd5 29. Nxd5 Rc8 30. c3 h5 31. Rd7 Rf8 32. Rxb7 Bh6 33. Ra7 Bc1 34. b4 Kh6 35. a4 Kg5 36. g3 h4 37. Kg2 f5 38. c4 fxe4 39. fxe4 hxg3 40. hxg3 Kg4 41. Rxa6 Bg5 42. Rxg6 Rf3 43. Rxg5+ 1-0

[Event "Rhein Main op 09th"]
[Site "Bad Homburg"]
[Date "2006.06.16"]
[Round "4.22"]
[White "Nahler, Michael"]
[Black "Zoeller, Thomas"]
[Result "1/2-1/2"]
[WhiteElo "1842"]
[BlackElo "2082"]
[PlyCount "52"]
[EventDate "2006.06.14"]
[EventType "swiss"]
[EventRounds "7"]
[EventCountry "GER"]
[SourceTitle "EXT 2007"]
[Source "ChessBase"]
[SourceDate "2006.11.23"]
[SourceVersion "1"]
[SourceVersionDate "2006.11.23"]
[SourceQuality "1"]

1. e4 c5 2. Nf3 Nc6 3. d4 cxd4 4. Nxd4 g6 5. c4 Nf6 6. Nc3 d6 7. Be2 Nxd4 8. Qxd4 Bg7 9. Be3 0-0 10. Qd2 Be6 11. 0-0 Qa5 12. Kh1 Rfc8 13. b3 b5 14. Nxb5 Qxd2 15. Bxd2 Nxe4 16. Rad1 a6 17. Na3 Nxd2 18. Rxd2 Rc5 19. Bf3 Rb8 20. Nc2 Ra5 21. Ne3 Bh6 22. Re1 Re5 23. Rde2 Bxe3 24. Rxe3 Rxe3 25. Rxe3 Kf8 26. h4 a5 1/2-1/2

[Event "Unterfranken-ch M2 57th"]
[Site "Prichsenstadt"]
[Date "2006.04.22"]
[Round "9"]
[White "Nahler, Michael"]
[Black "Basel, Matthias"]
[Result "0-1"]
[WhiteElo "1784"]
[BlackElo "2005"]
[PlyCount "64"]
[EventDate "2006.04.17"]
[EventType "swiss"]
[EventRounds "9"]
[EventCountry "GER"]
[SourceTitle "EXT 2015"]
[Source "ChessBase"]
[SourceDate "2014.11.20"]
[SourceVersion "1"]
[SourceVersionDate "2014.11.20"]
[SourceQuality "1"]

1. e4 g6 2. d4 Bg7 3. c4 d6 4. Nc3 Nf6 5. Nf3 0-0 6. Be2 e5 7. 0-0 Nc6 8. d5 Ne7 9. Ne1 Ne8 10. Be3 f5 11. f3 Kh8 12. Kh1 Ng8 13. c5 Ngf6 14. Rc1 Nh5 15. Nd3 Rg8 16. Rc2 f4 17. Bf2 Bf8 18. Qd2 g5 19. Rfc1 Rg6 20. cxd6 cxd6 21. Nb5 Rh6 22. Ne1 b6 23. Nc7 Nxc7 24. Rxc7 Nf6 25. Qc3 Bd7 26. Qa3 g4 27. Rxa7 Rxa7 28. Qxa7 g3 29. Bg1 Nxd5 30. exd5 Rxh2+ 31. Bxh2 Qh4 32. Kg1 Qxh2+ 0-1

[Event "Unterfranken-ch M2 57th"]
[Site "Prichsenstadt"]
[Date "2006.04.20"]
[Round "6"]
[White "Nahler, Michael"]
[Black "Hassler, Guenther"]
[Result "1-0"]
[WhiteElo "1784"]
[BlackElo "1789"]
[PlyCount "49"]
[EventDate "2006.04.17"]
[EventType "swiss"]
[EventRounds "9"]
[EventCountry "GER"]
[SourceTitle "EXT 2015"]
[Source "ChessBase"]
[SourceDate "2014.11.20"]
[SourceVersion "1"]
[SourceVersionDate "2014.11.20"]
[SourceQuality "1"]

1. e4 e5 2. Nf3 Nf6 3. Nxe5 d6 4. Nf3 Nxe4 5. d4 d5 6. Bd3 Nc6 7. 0-0 Be7 8. Re1 Bg4 9. Bxe4 dxe4 10. Rxe4 f5 11. Re3 Bxf3 12. Rxf3 Qxd4 13. Rd3 Qf6 14. Nc3 0-0 15. Nd5 Qf7 16. Nxe7+ Qxe7 17. Bf4 Rad8 18. h3 g5 19. Be3 f4 20. Bd4 Nb4 21. Bc5 Qxc5 22. Rxd8 Qxc2 23. Rxf8+ Kxf8 24. Qxc2 Nxc2 25. Rc1 1-0

[Event "Rhein Main op 08th"]
[Site "Bad Homburg"]
[Date "2005.05.28"]
[Round "5"]
[White "Nahler, Michael"]
[Black "Engelbert, Thomas"]
[Result "1-0"]
[WhiteElo "1763"]
[BlackElo "1515"]
[PlyCount "64"]
[EventDate "2005.05.25"]
[EventType "swiss"]
[EventRounds "7"]
[EventCountry "GER"]
[SourceTitle "EXT 2006"]
[Source "ChessBase"]
[SourceDate "2005.11.24"]
[SourceVersion "1"]
[SourceVersionDate "2005.11.24"]
[SourceQuality "1"]

1. e4 c5 2. Nf3 d6 3. d4 cxd4 4. Nxd4 Nf6 5. Nc3 a6 6. Bg5 e6 7. f4 Be7 8. Qf3 h6 9. Bh4 Qc7 10. 0-0-0 Nc6 11. Nb3 Rb8 12. g4 b5 13. Bg2 Bb7 14. Bf2 Rc8 15. Kb1 Na5 16. Nxa5 Qxa5 17. g5 hxg5 18. fxg5 Nd7 19. Bd4 e5 20. Be3 Nb6 21. Rdf1 Rf8 22. Bxb6 Qxb6 23. h4 Qc7 24. Bh3 Rd8 25. Rd1 b4 26. Nd5 Bxd5 27. Rxd5 Rb8 28. Qg4 Rh8 29. Rf1 Bf8 30. h5 Rd8 31. Rd2 Rd7 32. Qxd7+ Qxd7 1-0

[Event "Rhein Main op 08th"]
[Site "Bad Homburg"]
[Date "2005.05.27"]
[Round "4"]
[White "Rubel, Julian"]
[Black "Nahler, Michael"]
[Result "1-0"]
[WhiteElo "2065"]
[BlackElo "1763"]
[PlyCount "53"]
[EventDate "2005.05.25"]
[EventType "swiss"]
[EventRounds "7"]
[EventCountry "GER"]
[SourceTitle "EXT 2006"]
[Source "ChessBase"]
[SourceDate "2005.11.24"]
[SourceVersion "1"]
[SourceVersionDate "2005.11.24"]
[SourceQuality "1"]

1. d4 d5 2. c4 e6 3. Nf3 Nf6 4. Bg5 Be7 5. Nc3 0-0 6. e3 h6 7. Bh4 b6 8. Rc1 Bb7 9. Bxf6 Bxf6 10. cxd5 exd5 11. Bd3 c5 12. 0-0 Qe7 13. Bf5 Rd8 14. Qb3 Na6 15. Rfd1 cxd4 16. exd4 Nc7 17. Nb5 Nxb5 18. Qxb5 Qd6 19. Re1 a6 20. Qa4 b5 21. Qc2 Bc8 22. Bh7+ Kh8 23. Bd3 Be6 24. Ne5 Rac8 25. Qxc8 Bxe5 26. dxe5 Qb6 27. Qc7 1-0

[Event "Unterfranken-ch M2 56th"]
[Site "Stetten"]
[Date "2005.03.29"]
[Round "4"]
[White "Nahler, Michael"]
[Black "Hofmann, Andreas"]
[Result "1-0"]
[WhiteElo "1714"]
[BlackElo "1745"]
[PlyCount "87"]
[EventDate "2005.03.28"]
[EventType "swiss"]
[EventRounds "9"]
[EventCountry "GER"]
[SourceTitle "EXT 2015"]
[Source "ChessBase"]
[SourceDate "2014.11.20"]
[SourceVersion "1"]
[SourceVersionDate "2014.11.20"]
[SourceQuality "1"]

1. e4 d6 2. d4 Nf6 3. Nc3 g6 4. f4 Bg7 5. Nf3 0-0 6. Be2 c5 7. d5 a6 8. a4 Qa5 9. Bd2 Qb4 10. Bd3 c4 11. Be2 Qc5 12. h3 Nh5 13. g4 Ng3 14. Rh2 Bxc3 15. Bxc3 Nxe4 16. Qd4 Nxc3 17. bxc3 Nd7 18. Qxc4 Nb6 19. Qxc5 dxc5 20. c4 a5 21. Ne5 Bd7 22. Nxd7 Nxd7 23. Rb1 Rfb8 24. Bf3 Ra6 25. Rb5 Nb6 26. Rxc5 Nxa4 27. Rc7 Nb6 28. c5 Nc8 29. d6 exd6 30. Bxb7 Rxb7 31. Rxb7 Kg7 32. Rc7 a4 33. c3 a3 34. Ra2 Na7 35. cxd6 Nb5 36. d7 Rd6 37. Rb7 Nxc3 38. Rxa3 Rd1+ 39. Kf2 Ne4+ 40. Ke2 Rd5 41. Raa7 Nc5 42. d8Q Rxd8 43. Rxf7+ Kg8 44. Rg7+ 1-0

[Event "Rhein Main op 07th"]
[Site "Bad Homburg"]
[Date "2004.06.11"]
[Round "4.45"]
[White "Nahler, Michael"]
[Black "Sprandl, Manfred"]
[Result "1-0"]
[WhiteElo "1738"]
[BlackElo "1553"]
[PlyCount "79"]
[EventDate "2004.06.09"]
[EventType "swiss"]
[EventRounds "7"]
[EventCountry "GER"]
[SourceTitle "CBM 100 Extra"]
[Source "ChessBase"]
[SourceDate "2004.07.06"]
[SourceVersion "2"]
[SourceVersionDate "2004.07.06"]
[SourceQuality "1"]

1. e4 c5 2. Nf3 d6 3. d4 cxd4 4. Nxd4 Nf6 5. Nc3 a6 6. Be2 e6 7. 0-0 Be7 8. Be3 0-0 9. f4 Qc7 10. a4 b6 11. Bf3 Bb7 12. e5 dxe5 13. fxe5 Nfd7 14. Bxb7 Qxb7 15. Nf3 Nc6 16. Bf4 Rad8 17. Qe1 Bc5+ 18. Kh1 Qc7 19. Qg3 Nd4 20. Nd5 Qb8 21. Nxd4 Bxd4 22. Ne7+ Kh8 23. Nc6 Qc7 24. Nxd4 Nc5 25. c3 Rd5 26. Rf3 Rfd8 27. Raf1 Nxa4 28. Bg5 Rg8 29. Rxf7 Qxe5 30. Qh4 Qxg5 31. Qe4 Nc5 32. Qf3 a5 33. Nc6 Rd7 34. Rf8 h6 35. Nd4 Rd8 36. Rf7 Qd5 37. Qg4 Rde8 38. h3 Ne4 39. Qg6 Qg5 40. Qxe4 1-0